Freakonomics / (Registro nro. 4870)
[ vista simple ]
| 000 -LEADER | |
|---|---|
| fixed length control field | 01432nam a2200313Ia 4500 |
| 003 - CONTROL NUMBER IDENTIFIER | |
| control field | OSt |
| 005 - DATE AND TIME OF LATEST TRANSACTION | |
| control field | 20200519184846.0 |
| 008 - FIXED-LENGTH DATA ELEMENTS--GENERAL INFORMATION | |
| fixed length control field | 191128s2006 ck fr 001 0 spa d |
| 020 ## - INTERNATIONAL STANDARD BOOK NUMBER | |
| International Standard Book Number | 8466625127 |
| 040 ## - CATALOGING SOURCE | |
| Original cataloging agency | CO-JMCR |
| Transcribing agency | CO-JMCR |
| 041 1# - LANGUAGE CODE | |
| Language code of text/sound track or separate title | spa |
| Language code of original | eng |
| 082 04 - DEWEY DECIMAL CLASSIFICATION NUMBER | |
| Classification number | 330 / |
| Item number | L283f |
| Edition number | 23 |
| 100 1# - MAIN ENTRY--PERSONAL NAME | |
| Personal name | Levitt, Steven D, |
| Relator term | autor |
| 9 (RLIN) | 3967 |
| 245 10 - TITLE STATEMENT | |
| Title | Freakonomics / |
| Remainder of title | Steven D. Levitt y Stephen J. Dubner ; traducción de Andrea Montero |
| 250 ## - EDITION STATEMENT | |
| Edition statement | 1a edición |
| 260 ## - PUBLICATION, DISTRIBUTION, ETC. | |
| Place of publication, distribution, etc. | Bogotá : |
| Name of publisher, distributor, etc. | Ediciones B, |
| Date of publication, distribution, etc. | 2006 |
| 300 ## - PHYSICAL DESCRIPTION | |
| Extent | 250 páginas ; |
| Dimensions | 24 cm. |
| 490 0# - SERIES STATEMENT | |
| Series statement | Economía y demografía |
| 500 ## - GENERAL NOTE | |
| General note | Índice análitico. |
| 505 0# - FORMATTED CONTENTS NOTE | |
| Formatted contents note | El lado oculto de las cosas -- ¿Qué tiene en común un maestro de escuela y un luchador de sumo? -- ¿En qué se parece el Ku Klux Klan a un grupo de agentes inmobiliarios? -- ¿Por qué continúan viviendo los traficantes de drogas con sus madres? |
| 520 ## - SUMMARY, ETC. | |
| Summary, etc. | Se trata de especialistas que estudian la esencia y los enigmas de la vida cotidiana y cuyas conclusiones, con frecuencia, ponen patas arriba la sabiduría convencional A través de ejemplos prácticos y de una sárcastica perspicacia. |
| 534 ## - ORIGINAL VERSION NOTE | |
| Introductory phrase | Freakonomics |
| 546 ## - LANGUAGE NOTE | |
| Language note | Traducido del inglés |
| 650 14 - SUBJECT ADDED ENTRY--TOPICAL TERM | |
| Topical term or geographic name entry element | Economía |
| General subdivision | aspectos psicológicos |
| 9 (RLIN) | 4556 |
| 650 14 - SUBJECT ADDED ENTRY--TOPICAL TERM | |
| Topical term or geographic name entry element | Economía |
| General subdivision | aspectos sociales |
| 9 (RLIN) | 4557 |
| 700 1# - ADDED ENTRY--PERSONAL NAME | |
| Personal name | Dubner, Stephen J., |
| Relator term | autor |
| 9 (RLIN) | 4558 |
| 700 1# - ADDED ENTRY--PERSONAL NAME | |
| Personal name | Montero, Andrea, |
| Relator term | traductora |
| 9 (RLIN) | 4559 |
| 942 ## - ADDED ENTRY ELEMENTS (KOHA) | |
| Source of classification or shelving scheme | Dewey Decimal Classification |
| Koha item type | Books |
| Withdrawn status | Lost status | Source of classification or shelving scheme | Damaged status | Not for loan | Collection code | Home library | Current library | Date acquired | Source of acquisition | Cost, normal purchase price | Total Checkouts | Full call number | Barcode | Date due | Date last seen | Date last checked out | Copy number | Koha item type | Public note |
|---|---|---|---|---|---|---|---|---|---|---|---|---|---|---|---|---|---|---|---|
| Dewey Decimal Classification | Non-fiction | Biblioteca Pública José María del Castillo y Rada | Biblioteca Pública José María del Castillo y Rada | 04/15/2018 | Donación | 0.00 | 5 | 330 / L283f | 430000851 | 05/09/2024 | 05/21/2024 | 05/21/2024 | Ej.1 | Books | Algunas páginas subrayadas |